[Event "Niedersachsen-ch op-B"]
[Site "Verden"]
[Date "2012.01.04"]
[Round "5"]
[White "Doehle, Florian"]
[Black "Nagel, Detlev"]
[Result "1-0"]
[WhiteElo "1189"]
[BlackElo "1433"]
[PlyCount "54"]
[EventDate "2012.01.02"]
[EventType "swiss"]
[EventRounds "7"]
[EventCountry "GER"]
[SourceTitle "EXT 2021"]
[Source "ChessBase"]
[SourceDate "2020.10.23"]
[SourceVersion "1"]
[SourceVersionDate "2020.10.23"]
[SourceQuality "1"]

1. d4 g6 2. Nf3 Bg7 3. e4 d6 4. b3 Bg4 5. Be2 Nf6 6. h3 Bd7 7. Nbd2 0-0 8. Bb2 e6 9. c3 Nc6 10. Qc2 Qc8 11. 0-0-0 Bh6 12. g4 Bg7 13. Nh2 Ne7 14. h4 Ne8 15. g5 f6 16. h5 fxg5 17. e5 dxe5 18. Bd3 Nf5 19. hxg6 hxg6 20. Ne4 Bc6 21. Ng4 exd4 22. cxd4 Ned6 23. d5 Bxd5 24. Bxg7 Nxg7 25. Nxg5 Ngf5 26. Qb2 Nf7 27. Nf6+ Kg7 1-0

[Event "Niedersachsen-ch op-B"]
[Site "Verden"]
[Date "2012.01.03"]
[Round "4"]
[White "Wolter, Kerstin"]
[Black "Doehle, Florian"]
[Result "1-0"]
[WhiteElo "1740"]
[BlackElo "1189"]
[PlyCount "143"]
[EventDate "2012.01.02"]
[EventType "swiss"]
[EventRounds "7"]
[EventCountry "GER"]
[SourceTitle "EXT 2021"]
[Source "ChessBase"]
[SourceDate "2020.10.23"]
[SourceVersion "1"]
[SourceVersionDate "2020.10.23"]
[SourceQuality "1"]

1. e4 c5 2. Nf3 d6 3. Bb5+ Bd7 4. Bxd7+ Nxd7 5. 0-0 Ngf6 6. Re1 g6 7. c3 Bg7 8. d4 cxd4 9. cxd4 d5 10. e5 Ne4 11. Nbd2 Nxd2 12. Bxd2 0-0 13. Rc1 Rc8 14. Qe2 e6 15. Bg5 Qa5 16. b3 Qa3 17. Qd2 b5 18. h3 Rfe8 19. Nh2 a5 20. Ng4 Qb4 21. Qe3 Qf8 22. Qd3 Qb4 23. Bd2 Qa3 24. Qxb5 Qxa2 25. Rxc8 Rxc8 26. Qxd7 Rb8 27. Qc7 Qxb3 28. Qxa5 h5 29. Nh6+ Bxh6 30. Bxh6 Kh7 31. Bg5 Qb4 32. Qxb4 Rxb4 33. Be3 Kg7 34. Rc1 Rb7 35. Bg5 Rb8 36. Bf6+ Kf8 37. Kh2 Ke8 38. Rc7 Rb4 39. Rc8+ Kd7 40. Rf8 Rxd4 41. Rxf7+ Kc8 42. Re7 Re4 43. Rxe6 d4 44. Rd6 h4 45. f3 Rf4 46. Bg5 Rf5 47. f4 Rf7 48. Rxd4 Rd7 49. Rxd7 Kxd7 50. Kg1 Ke8 51. Kf2 Kf7 52. Kf3 Kg7 53. Kg4 Kf7 54. Kxh4 Kg8 55. g4 Kf7 56. Bf6 Ke6 57. Kg5 Kf7 58. h4 Kf8 59. Kxg6 Ke8 60. h5 Kd7 61. h6 Kc6 62. h7 Kd5 63. h8Q Ke4 64. e6 Kd5 65. e7 Ke6 66. e8Q+ Kd6 67. Qhf8+ Kd5 68. Qff7+ Kc5 69. Qfd7 Kb6 70. Qec8 Ka5 71. Qdb7 Ka4 72. Qca8# 1-0

[Event "Braunschweig Oker Cup"]
[Site "Braunschweig"]
[Date "2011.12.04"]
[Round "5"]
[White "Doehle, Florian"]
[Black "Harms, Friedjof"]
[Result "0-1"]
[WhiteElo "1186"]
[BlackElo "1739"]
[PlyCount "62"]
[EventDate "2011.12.02"]
[EventType "swiss"]
[EventRounds "5"]
[EventCountry "GER"]
[SourceTitle "EXT 2013"]
[Source "ChessBase"]
[SourceDate "2012.11.22"]
[SourceVersion "1"]
[SourceVersionDate "2012.11.22"]
[SourceQuality "1"]

1. b4 d5 2. g3 Nf6 3. Bg2 e6 4. a3 c5 5. bxc5 Bxc5 6. Nf3 Nc6 7. d4 Bd6 8. 0-0 Ne4 9. Bb2 Qb6 10. Ra2 Bd7 11. Nfd2 Nxd2 12. Qxd2 Na5 13. Qg5 0-0 14. Nd2 Rac8 15. Rc1 Bb5 16. Qe3 Nc4 17. Qc3 Nxd2 18. Qxd2 Bc4 19. Rca1 Bxa2 20. Rxa2 Rc4 21. e4 Rfc8 22. c3 Qb3 23. Ba1 Qb1+ 24. Bf1 dxe4 25. Qc2 Qxc2 26. Rxc2 Rxd4 27. cxd4 Rxc2 28. a4 e5 29. h3 Bb4 30. d5 Bc5 31. Kh1 Rc1 0-1